Technical Analysis explained : (Record no. 20623)

MARC details
000 -LEADER
fixed length control field 00999nam a22002415a 4500
005 - DATE AND TIME OF LATEST TRANSACTION
control field 20201124142412.0
008 - FIXED-LENGTH DATA ELEMENTS--GENERAL INFORMATION
fixed length control field 150819s2014 nyua frbd 001 0 eng d
040 ## - CATALOGING SOURCE
Original cataloging agency EG-ScBUE
Language of cataloging eng
Transcribing agency EG-ScBUE
Modifying agency EG-ScBUE
082 04 - DEWEY DECIMAL CLASSIFICATION NUMBER
Classification number 332.6322
Item number PRI
Edition number 22
100 1# - MAIN ENTRY--PERSONAL NAME
Personal name Pring, Martin J.
9 (RLIN) 38820
245 10 - TITLE STATEMENT
Title Technical Analysis explained :
Remainder of title the successful investor's guide to spotting investment trends and turning points /
Statement of responsibility, etc Martin J. Pring.
250 ## - EDITION STATEMENT
Materials specified 5th ed., International ed.
260 ## - PUBLICATION, DISTRIBUTION, ETC. (IMPRINT)
Place of publication, distribution, etc New York :
Name of publisher, distributor, etc Mc-Graw Hill Education,
Date of publication, distribution, etc 2014.
300 ## - PHYSICAL DESCRIPTION
Extent xii, 797 p. :
Other physical details ill. ;
Dimensions 24 cm.
500 ## - GENERAL NOTE
General note "The standard work for this generation of chartists."-Forbes -- Cover page.
500 ## - GENERAL NOTE
General note "The guide technicians turn to for answers, tuned up to provide an advantage in today's global economy. -- page 4 of caver.
500 ## - GENERAL NOTE
General note Index : p. 773-797.
500 ## - GENERAL NOTE
General note Glossary : p. 761-765.
504 ## - BIBLIOGRAPHY, ETC. NOTE
Bibliography, etc Bibliography : p. 767-771.
651 ## - SUBJECT ADDED ENTRY--GEOGRAPHIC NAME
Source of heading or term BUEsh
653 ## - INDEX TERM--UNCONTROLLED
Resource For college BAEPS, Business Administration
Arrived date list August2015
-- December2015
942 ## - ADDED ENTRY ELEMENTS (KOHA)
Source of classification or shelving scheme Dewey Decimal Classification
Holdings
Withdrawn status Lost status Source of classification or shelving scheme Damaged status Not for loan Koha collection Home library Current library Shelving location Date acquired Source of acquisition Cost, normal purchase price Serial Enumeration / chronology Total Checkouts Full call number Barcode Date last seen Cost, replacement price Koha item type
    Dewey Decimal Classification     Baccah Central Library Central Library First floor 19/08/2015 Purchase 272.00 21758   332.6322 PRI 000039775 15/07/2025 340.00 Book - Borrowing